00607 2200229 4500001002100000005001700021008004100038035002400079082001100103090002500114100001700139245006700156250001100223260002500234300002400259650002300283700001900306850001600325980001500341985000600356999001500362YOGYA-0209000006721520090227091944.0 ind  0010-020900000067215 a028.55 a028.55bEka AnP00lK aEKA WARDHANA aAku bisa merapikan mainan sendiricEka Wardhana, Iwan Yuswandi aCet. 3 aBandungbMizanc1999 a23 hlmbilusc18 cm aBacaan kanak-kanak aYuswandi, Iwan aYOPDYOG JSC a21-12-2008 a1 a00P0005731